<?xml version="1.0" encoding="UTF-8"?>
<marc:record xmlns:marc="http://www.loc.gov/MARC21/slim">
   <marc:leader>00000nam a2200000 a 4500</marc:leader>
   <marc:datafield ind1="1" ind2=" " tag="100">
      <marc:subfield code="a">Gravett, Emily</marc:subfield>
      <marc:subfield code="4">aut</marc:subfield>
      <marc:subfield code="e">Verfasser/-in</marc:subfield>
   </marc:datafield>
   <marc:datafield ind1=" " ind2=" " tag="653">
      <marc:subfield code="a">10 verschiedene Hunde</marc:subfield>
   </marc:datafield>
   <marc:datafield ind1=" " ind2=" " tag="653">
      <marc:subfield code="a">10 würstchen</marc:subfield>
   </marc:datafield>
   <marc:datafield ind1=" " ind2=" " tag="653">
      <marc:subfield code="a">Hunger</marc:subfield>
   </marc:datafield>
   <marc:datafield ind1="0" ind2="0" tag="245">
      <marc:subfield code="a">10 Hunde</marc:subfield>
   </marc:datafield>
   <marc:datafield ind1="0" ind2="0" tag="245">
      <marc:subfield code="c">Emily Gravett ; aus dem Englischen von Uwe-Michael Gutzschhahn</marc:subfield>
   </marc:datafield>
   <marc:datafield ind1=" " ind2="1" tag="264">
      <marc:subfield code="a">Frankfurt am Main</marc:subfield>
      <marc:subfield code="b">FISCHER Sauerländer</marc:subfield>
      <marc:subfield code="c">2023</marc:subfield>
   </marc:datafield>
   <marc:datafield ind1="1" ind2=" " tag="520">
      <marc:subfield code="a">Quelle: bn.bibliotheksnachrichten (http://www.biblio.at/literatur/bn/index.html); #Autor: Birgit Stessl; #Ein lustiges Bilderbuch über zehn hungrige Hunde und zehn Würstchen - wird am Ende jedes Tier eines bekommen? (ab 4) (JD)#Emily Gravett wurde durch ihre Bilderbücher wie »Aufgeräumt« oder »Viel zu viel Zeug« bekannt. In ihrem neuesten Werk beschäftigt sie sich mit dem Zählen.#Bereits auf dem Cover begegnet man den zehn unterschiedlichen Hunden, die die ganze Geschichte hindurch um zehn vorhandene Würstchen rittern: Von zehn wird auf jeder Doppelseite heruntergezählt - mal hat ein Hund alles und neun nicht oder fünf haben je zwei Würstchen und die anderen fünf versuchen, diese zu schnappen. Dann verstecken sieben Hunde die Beute und drei suchen danach, bis am Ende wieder die zehn Hunde zu sehen sind - alle Optionen werden hier durchgespielt. Ein heilloses Chaos entsteht: Der Tisch, Stühle, die Tischdecke sowie das Geschirr fliegen beharrlich umher, wenn die Hunde den Würstchen hinterherjagen.#Ein großer Bilderbuchspaß für Alt und Jung, der die Kleinen zum Zählen der Würstchen und der Hunde animiert. Nettes Detail: Am Vorsatz vorne sieht man die zehn Würstchen auf einer blauen Tischdecke mit weißen Punkten liegen. Hinten ist nur noch die Tischdecke mit zehn Fettflecken, wo einst die Würstchen lagen, zu sehen. Das Bilderbuch ist gelungen durchkomponiert und kommt mit minimalistischem Text aus.## ---- #Quelle: STUBE (http://www.stube.at/); #Der Titel erzählt nur die halbe Geschichte, der Rest präsentiert sich säuberlich aufgereiht am Vorsatzpapier: zehn Würstchen. Für jeden Hund eines? Oder für einen Hund alle? Und werden die Würstchen gefressen oder dienen sie als Spielgerät?#Die knappe, trockene Textebene und der großzügige Weißraum lenken den Fokus ganz auf die Bildebene, die auf jeder Doppelseite dynamisch und expressiv die Hundemeute in verschiedenen Konstellationen zeigt. Wie bei ihren anderen Bilderbüchern arbeitet Gravett in ihrer Illustration stark über die (überzeichnete) Mimik, die jedem Hund Persönlichkeit und dem Buch viel Humor verleiht. Das Nachzählen und Nachrechnen (wenn vier Hunde mit acht Würstchen spielen, um wie viele Würstchen balgen sich dann die anderen sechs?) passiert hier spielerisch und ganz von selbst.#*STUBE Simone Weiss*</marc:subfield>
   </marc:datafield>
   <marc:datafield ind1=" " ind2=" " tag="020">
      <marc:subfield code="a">9783737372305</marc:subfield>
      <marc:subfield code="9">9783737372305</marc:subfield>
   </marc:datafield>
   <marc:datafield ind1=" " ind2=" " tag="041">
      <marc:subfield code="a">ger</marc:subfield>
   </marc:datafield>
   <marc:datafield ind1=" " ind2=" " tag="300">
      <marc:subfield code="a">28 ungezählte Seiten</marc:subfield>
   </marc:datafield>
</marc:record>
